| 000 | 01268nam a2200301 a 4500 | ||
|---|---|---|---|
| 005 | 20170419020001.0 | ||
| 008 | 140314b2001 ck ||||| |||| 00| 0 spa d | ||
| 020 | _a958970350X | ||
| 040 |
_aCO-BoIAVH _cCO-BoIAVH |
||
| 041 | _aspa | ||
| 044 | _ack | ||
| 082 | 0 | 4 |
_a333.95416 _bS21m |
| 111 | 1 |
_aCongreso Internacional de Manejo de Fauna Silvestre en la Amazonia y Latinoamérica: Criterios de Sostenibilidad _cCartagena de Indias _dseptiembre 10-14, 2001 _nV |
|
| 245 | 1 | 0 |
_aV congreso internacional de manejo de fauna silvestre en la Amazonia y Latinoamérica: _bCriterios de sostenibilidad. Libro de resúmenes |
| 260 | 3 |
_aBogotá: _bUniversidad Nacional de Colombia, _bFundación Natura, _c2001. |
|
| 300 |
_a215 p. _c28 cm. |
||
| 650 | 4 |
_aAnimales _xconservación. |
|
| 650 | 4 |
_aConservación de la fauna _zAmazonía (Región) |
|
| 650 | 4 | _aRefugios de fauna silvestre | |
| 650 | 4 | _aReservas de vida silvestre | |
| 650 | 4 | _aRecuperación de la fauna | |
| 651 | _aLatinoamerica | ||
| 651 | _aAmazonía | ||
| 700 | 1 |
_aMorales-J., Alba Lucía _eeditora |
|
| 700 | 1 |
_aLópez-Arévalo, Hugo Fernando _eeditor |
|
| 700 | 1 |
_aSánchez-Palomino, Pedro _eeditor |
|
| 942 |
_cLIBRO _2ddc _01 |
||
| 999 |
_c4270 _d4270 |
||